|
|
|
|
| LEADER |
00000nam a22000007a 4500 |
| 005 |
2018102606506.0 |
| 007 |
cr|||| |||| |
| 008 |
181026s2018 br |||||s|||| 00||0 por d |
| 020 |
|
|
|a 978-85-8183-109-1
|
| 035 |
|
|
|a 22067
|
| 040 |
|
|
|a vLex
|
| 090 |
|
|
|c 8182
|d 8182
|
| 100 |
1 |
|
|a Araj︢o Gomes, Josiane
|
| 245 |
1 |
0 |
|a Temas contemporńeos de direito das faml̕ias
|h [Recurso electrn̤ico] /
|c Josiane Araj︢o Gomes
|n Volume 3
|
| 256 |
|
|
|a Servicio en ln̕ea
|
| 260 |
|
|
|a San Pablo:
|b Pillares,
|c 2018
|
| 300 |
|
|
|a 1 recurso electrn̤ico
|
| 506 |
1 |
|
|a Disponible solo en los productos indicados
|d vLex Global
|d vLex Global (Academic Edition, excluding Law Schools)
|d vLex Global (U.S. Academic Edition, Law Schools)
|d vLex Global (U.S. Academic Edition, excluding Law Schools)
|d vLex Global (Academic Edition, Law Schools)
|
| 650 |
0 |
4 |
|a Derecho Civil
|z Brasil
|
| 650 |
0 |
4 |
|a Familia y Sucesiones
|z Brasil
|
| 740 |
0 |
|
|a vLex Libros (Servicio en ln̕ea)
|
| 856 |
4 |
0 |
|u http://vlex.com/source/temas-contempor-neos-de-direito-das-familias-volume-3-22067
|z Acceso restringido
|
| 942 |
|
|
|c BOOK
|
| 999 |
0 |
|
|a Civil Law
|
| 999 |
0 |
|
|a Family and Successions
|